Statistics for Star Wars Planets Quiz

Click here to take the quiz!

General Stats

  • This quiz has been taken 56 times
    (52 since last reset)
  • The average score is 20 of 34

Answer Stats

AppearancesDescriptionPlanet% Correct
Episode I, II, III, IV, VI, IXThe desert world where Luke Skywalker and his father grew upTatooine
97%
Episode VThe icy world where the Rebels hide for three years until an AT-AT assaultHoth
95%
Episode I, II, III, VIAnother lush, peaceful planet and the home of the Gungans and Padmé AmidalaNaboo
95%
Episode IIIThe lush, peaceful planet where Leia Organa grew upAlderaan
92%
Episode V, VIThe swampy planet where Yoda exiles himself after the Great Jedi PurgeDagobah
92%
Episode VI, IXThe forest moon home to the furry EwoksEndor
92%
Episode IIIHome of the WookiesKashyyyk
92%
Episode IVThe forested moon where the Rebels stage their baseYavin IV
92%
Episode V, IXThe gas planet home to Cloud CityBespin
89%
Episode I, II, III, VIThe highly populated planet that's entirely a city (also home to the Jedi Temple)Coruscant
89%
Episode IIThe watery planet with the clone facility that created the Republic's clone troopersKamino
89%
Episode III, IXLava planet where Anakin and Obi-Wan duelMustafar
89%
Episode IIThe rocky Outer Rim world where the first battle of the Clone Wars took placeGeonosis
84%
Episode VII, IXDesert planet where Rey grew up for 19 yearsJakku
81%
Episode IIIRemote rocky sinkhole planet where General Grievous hides and is defeated by Obi-Wan KenobiUtapau
73%
SoloHan Solo's home worldCorellia
59%
Episode VIIISalt planet where the Resistance hides at the end of Episode VIIICrait
57%
Episode IXThe ancient Sith world where Palpatine is hidingExegol
57%
Episode VIIThe jungle planet where Maz Kanata's castle is locatedTakodana
57%
Episode VII, VIII, IXThe planet where Luke Skywalker is hiding for many yearsAhch-To
51%
SoloThe mining planet where Han Solo and his crew go to steal coaxiumKessel
49%
Rogue OneThe tropical planet where the Death Star plans are locatedScarif
49%
Rogue OneThe planet where kyber crystals are mined, destroyed by the Death StarJedha
46%
Episode VIIThe snowy planet that is also the new First Order superweaponStarkiller Base
46%
Episode VIIThe New Republic planet that's destroyed by the First Order's new superweaponHosnian Prime
43%
Episode VIIICasino planet where the city of Canto Bight is locatedCantonica
27%
Episode VII, VIIIThe planet with the Resistance base that they are forced to flee when the First Order finds themD'Qar
24%
Episode IXThe icy, cold world where the pilot Poe Dameron was a spice runnerKijimi
24%
Episode IXThe desert world very reminiscent of Rey's home world, also home to the Aki-AkiPasaana
24%
Episode IXThe jungle planet where the Resistance has been hidng for a yearAjan Kloss
14%
Rogue OneThe Imperial base where Galen Erso is killedEadu
14%
Rogue OneThe farming planet where Jyn Erso and her family are hidingLah'mu
14%
SoloThe desert/ocean world where Crimson Dawn crime lord Dryden Vos stays, waiting for his coaxium to be delivered by Han Solo and his crewSavareen
14%
Episode IXA moon of Endor where the Death Star wreckage is locatedKef Bir
11%

Score Distribution

Percentile by Number Answered

Percent of People with Each Score

Your Score History

You have not taken this quiz since the last reset